Kości - nagła śmierć - Statystyki

Ogólne statystyki
  • Ten quiz został rozwiązany 798 razy
    117 od ostatniego zresetowania
  • Średni wynik to 11 z 15
Answers on the Grid
Answers color-coded by a green-red scale on the quiz's grid according to % correct below.
Aorta
Dysk twardy
Keratyna
Łokciowa
Łonowa
Łopatka
Migdałowa
Młoteczek
Mostek
Nutowa
Obojczyk
Ogonowa
Piszczelowa
Płatowa
Promieniowa
Ramienna
Retyna
Rostrum
Rzepiączko
Rzepka kolanowa
Śródręcza
Strzałkowa
Świderki
Szpachelka
Talowa
Tułowiowa
Udowa
Wyrostek robaczkowy
Żołądek
Żuchwa
 
Statystyki odpowiedzi
Odpowiedź % Poprawnych
Łopatka
90%
Obojczyk
89%
Mostek
85%
Piszczelowa
85%
Ogonowa
84%
Strzałkowa
79%
Łokciowa
78%
Ramienna
77%
Udowa
76%
Promieniowa
75%
Żuchwa
72%
Młoteczek
70%
Śródręcza
66%
Łonowa
60%
Rzepka kolanowa
60%
Nie znaleziono quizów pasujących do podanych kryteriów
Rozkład punktacji
Procent ludzi z każdym wynikiem
Percentyl według liczby udzielonych odpowiedzi
Twoja historia wyników
Nie rozwiązałeś tego quizu od ostatniego zresetowania